00476nam a22001577a 4500020001900000040000900019082001800028100003200046245002300078260004300101300000900144650002800153942001200181999001900193952010600212 a 9789693517125 cNUST a891.4393bQUR aQurrat Ul Ain Haider980990 aRoshani Ki Raftaar aLAHOREbSang-E-Meel Publicationsc2012 b320P 2Urdu Literature-Fiction 2ddccBK c585846d585846 00102ddc4070aCEMEbCEMEcGENd2021-07-08l0o891.4393 QURpCEME-50084r2021-07-08w2021-07-08yBK